<?xml version="1.0" encoding="UTF-8"?><?xml-stylesheet type="text/xsl" href="static/style.xsl"?><OAI-PMH xmlns="http://www.openarchives.org/OAI/2.0/" xmlns:xsi="http://www.w3.org/2001/XMLSchema-instance" xsi:schemaLocation="http://www.openarchives.org/OAI/2.0/ http://www.openarchives.org/OAI/2.0/OAI-PMH.xsd"><responseDate>2026-04-13T03:01:23Z</responseDate><request verb="GetRecord" identifier="oai:www.recercat.cat:2117/446491" metadataPrefix="marc">https://recercat.cat/oai/request</request><GetRecord><record><header><identifier>oai:recercat.cat:2117/446491</identifier><datestamp>2026-01-12T09:53:27Z</datestamp><setSpec>com_2072_1033</setSpec><setSpec>col_2072_452950</setSpec></header><metadata><record xmlns="http://www.loc.gov/MARC21/slim" xmlns:dcterms="http://purl.org/dc/terms/" xmlns:xsi="http://www.w3.org/2001/XMLSchema-instance" xmlns:doc="http://www.lyncode.com/xoai" xsi:schemaLocation="http://www.loc.gov/MARC21/slim http://www.loc.gov/standards/marcxml/schema/MARC21slim.xsd">
   <leader>00925njm 22002777a 4500</leader>
   <datafield ind2=" " ind1=" " tag="042">
      <subfield code="a">dc</subfield>
   </datafield>
   <datafield ind2=" " ind1=" " tag="720">
      <subfield code="a">Casagli, Francesca</subfield>
      <subfield code="e">author</subfield>
   </datafield>
   <datafield ind2=" " ind1=" " tag="720">
      <subfield code="a">Turolla, Andrea</subfield>
      <subfield code="e">author</subfield>
   </datafield>
   <datafield ind2=" " ind1=" " tag="720">
      <subfield code="a">Batstone, D.J.</subfield>
      <subfield code="e">author</subfield>
   </datafield>
   <datafield ind2=" " ind1=" " tag="720">
      <subfield code="a">Capson Tojo, Gabriel</subfield>
      <subfield code="e">author</subfield>
   </datafield>
   <datafield ind2=" " ind1=" " tag="720">
      <subfield code="a">Ficara, Elena</subfield>
      <subfield code="e">author</subfield>
   </datafield>
   <datafield ind2=" " ind1=" " tag="720">
      <subfield code="a">García Serrano, Joan</subfield>
      <subfield code="e">author</subfield>
   </datafield>
   <datafield ind2=" " ind1=" " tag="720">
      <subfield code="a">González Flo, Eva</subfield>
      <subfield code="e">author</subfield>
   </datafield>
   <datafield ind2=" " ind1=" " tag="720">
      <subfield code="a">Laurent, Julien</subfield>
      <subfield code="e">author</subfield>
   </datafield>
   <datafield ind2=" " ind1=" " tag="720">
      <subfield code="a">Lorenz, Tatjana</subfield>
      <subfield code="e">author</subfield>
   </datafield>
   <datafield ind2=" " ind1=" " tag="720">
      <subfield code="a">Pierrelée, Michaël</subfield>
      <subfield code="e">author</subfield>
   </datafield>
   <datafield ind2=" " ind1=" " tag="720">
      <subfield code="a">Plósz, Benedek Gy.</subfield>
      <subfield code="e">author</subfield>
   </datafield>
   <datafield ind2=" " ind1=" " tag="720">
      <subfield code="a">Ribero da Silva, Gustavo Henrique</subfield>
      <subfield code="e">author</subfield>
   </datafield>
   <datafield ind2=" " ind1=" " tag="720">
      <subfield code="a">Robles, Angel</subfield>
      <subfield code="e">author</subfield>
   </datafield>
   <datafield ind2=" " ind1=" " tag="720">
      <subfield code="a">Rossi, Simone</subfield>
      <subfield code="e">author</subfield>
   </datafield>
   <datafield ind2=" " ind1=" " tag="720">
      <subfield code="a">Rueda Hernández, Estel</subfield>
      <subfield code="e">author</subfield>
   </datafield>
   <datafield ind2=" " ind1=" " tag="720">
      <subfield code="a">Stegemüller, Lars</subfield>
      <subfield code="e">author</subfield>
   </datafield>
   <datafield ind2=" " ind1=" " tag="720">
      <subfield code="a">Steyer, Jean Phillipe</subfield>
      <subfield code="e">author</subfield>
   </datafield>
   <datafield ind2=" " ind1=" " tag="720">
      <subfield code="a">Bernard, Olivier</subfield>
      <subfield code="e">author</subfield>
   </datafield>
   <datafield ind2=" " ind1=" " tag="720">
      <subfield code="a">Valverde Pérez, Borja</subfield>
      <subfield code="e">author</subfield>
   </datafield>
   <datafield ind2=" " ind1=" " tag="260">
      <subfield code="c">2025-12-01</subfield>
   </datafield>
   <datafield ind2=" " ind1=" " tag="520">
      <subfield code="a">Phototrophic microorganisms are gaining prominence for their dual role in wastewater treatment and resource recovery, converting wastewater into valuable bioproducts. However, their effective deployment needs robust modelling frameworks capable of predicting performance across complex, real-world scenarios. Despite significant advances, key challenges hinder the development and application of such models: ¿ Biological complexity: phototrophic systems involve intricate processes (e.g., photosynthesis, nutrient uptake, microbial interactions, and predation) that are difficult to represent accurately due to their dynamic interdependencies. ¿ Environmental variability: permanent fluctuations in light, temperature, pH, and toxic compounds in outdoor reactors require high-resolution dynamic data for reliable model calibration and prediction. ¿ Data limitations: lack of comprehensive, high-quality datasets (e.g., biological, environmental, and operational conditions) constrains model development, particularly for data-driven approaches. ¿ Multi-scale integration: bridging molecular, cellular, and ecosystem-level processes into a unified modelling framework, including physics, remains a significant hurdle. ¿ Parameter and uncertainty management: models often suffer from non-identifiable parameters, sensitivity to approximations, and insufficient validation against long-term experimental data. ¿ Balancing complexity and applicability: selecting the appropriate level of ecological and mathematical details, tailored to specific applications (e.g., biomass production and nutrient removal) and data availability is critical yet challenging. ¿ Computational and interdisciplinary barriers: high computational costs, especially for hybrid and data-driven models, alongside the need for cross-disciplinary collaboration, further complicate model development. ¿ To overcome these barriers, this work argues for standardized protocols in model design, calibration and validation, alongside enhanced data collection and reconciliation efforts. Integrating innovative approaches, such as metabolic modelling, machine learning and hybrid modelling into digital twins, will be essential to unlock the full potential of phototrophic systems, bridging the gap between theoretical models and industrial implementation.</subfield>
   </datafield>
   <datafield ind2=" " ind1=" " tag="520">
      <subfield code="a">Concerning the contribution of Universitat Politécnica de Catalunya ⋅ BarcelonaTech, this publication is part of the R&amp;D&amp;I project PID2021- 126564OB-C32 (Cyan2Bio), funded by MICIU/AEI/10.13039/ 501100011033 and by ERDF/EU. JG would like to acknowledge the support provided by the ICREA Academia program. GR would like to acknowledge the Brasilian National Council for Scientific and Technological Development (CNPq process 308663/2021-7). EGF would like to thank the European Union-NextGenerationEU, Spanish Ministry of Science, Innovation and Universities, and Recovery, Transformation and Resilience Plan for her research grant [2021UPF-MS-12]. FC and OB are grateful to the support of the ANR Barrier project (ANR-22-CE34-0021). BVP acknowledges the financial support provided by the Danish Research Council for Independent Research under the Sapere Aude DFF Starting Grant 10.46540/2067–00029B.</subfield>
   </datafield>
   <datafield ind2=" " ind1=" " tag="520">
      <subfield code="a">Peer Reviewed</subfield>
   </datafield>
   <datafield ind2=" " ind1=" " tag="520">
      <subfield code="a">Article signat per xx autors/es: Francesca Casagli a, Andrea Turolla b,*, Damien J. Batstone c, Gabriel Capson-Tojo d, Elena Ficara b, Joan García e, Eva Gonzalez-Flo f, Julien Laurent g, Tatjana Lorenz h, Michaël Pierrelée i, Benedek Gy. Plósz j,n, Gustavo Henrique Ribero Da Silva k, Ángel Robles l, Simone Rossi b,o, Estel Rueda e, Lars Stegemüller m, Jean-Philippe Steyer d, Olivier Bernard a, Borja Valverde-Pérez i

a Centre INRIA d’Universit´e Cˆote d’Azur, GreenOwl team, Sophia-Antipolis 06902, France
b Department of Civil and Environmental Engineering, Politecnico di Milano, Piazza Leonardo da Vinci 32, 20133 Milano, Italy
c Australian Centre for Water and Environmental Biotechnology, The University of Queensland, Brisbane 4072, QLD, Australia
d INRAE, Univ Montpellier, LBE, 102 Avenue des ´Etangs, Narbonne 11100, France
e GEMMA - Group of Environmental Engineering and Microbiology, Department of Civil and Environmental Engineering, Universitat Polit`ecnica de Catalunya
BarcelonaTech, c/ Jordi Girona 1-3, Building D1, E-08034 Barcelona, Spain
f GEMMA - Group of Environmental Engineering and Microbiology, Department of Civil and Environmental Engineering, Escola d’Enginyeria de Barcelona Est (EEBE),
Universitat Polit`ecnica de Catalunya⋅BarcelonaTech, Av. Eduard Maristany 16, Building C5.1, E-08019 Barcelona, Spain
g Universit´e de Strasbourg, ENGEES, CNRS, ICube UMR 7357, F-67000 Strasbourg, France
h Department of Architecture and Civil Engineering, ZEuUS - Competence Centre for Sustainable Engineering and Environmental Systems, THM - University of Applied
Sciences, Wiesenstr. 14, 35390 Giessen, Germany
i Department of Environmental and Resource Engineering, Technical University of Denmark, Bygningstorvet, Bygning 115, 2800 Kgs, Lyngby, Denmark
j Department of Chemical Engineering, University of Bath, Claverton Down, Bath BA2 7AY, UK
k Department of Civil and Environmental Engineering, School of Engineering, S˜ao Paulo State University (UNESP), Bauru, SP, Brazil
l Departament d’Enginyeria Química, ETSE-UV, Universitat de Val`encia, Avinguda de la Universitat s/n, Valencia, Burjassot 46100, Spain
m Department of Chemical Engineering, Technical University of Denmark, DTU, Søltofts Plads 228A, Lyngby 2800, Denmark
n SWING – Department of Built Environment, Oslo Metropolitan University, Postboks 4 St Olavs Plass, 0130 Oslo, Norway
o Energy Technologies and Processes Research Group, Generation Technologies and Materials Department, Ricerca sul Sistema Energetico - RSE S.p.A., v. Rubattino 54,
20134 Milano, Italy</subfield>
   </datafield>
   <datafield ind2=" " ind1=" " tag="520">
      <subfield code="a">6 - Aigua Neta i Sanejament</subfield>
   </datafield>
   <datafield ind2=" " ind1=" " tag="520">
      <subfield code="a">Postprint (published version)</subfield>
   </datafield>
   <datafield tag="653" ind2=" " ind1=" ">
      <subfield code="a">Àrees temàtiques de la UPC::Desenvolupament humà i sostenible::Enginyeria ambiental</subfield>
   </datafield>
   <datafield tag="653" ind2=" " ind1=" ">
      <subfield code="a">Àrees temàtiques de la UPC::Enginyeria civil::Enginyeria hidràulica, marítima i sanitària</subfield>
   </datafield>
   <datafield tag="653" ind2=" " ind1=" ">
      <subfield code="a">Microalgae</subfield>
   </datafield>
   <datafield tag="653" ind2=" " ind1=" ">
      <subfield code="a">Cyanobacteria</subfield>
   </datafield>
   <datafield tag="653" ind2=" " ind1=" ">
      <subfield code="a">Purple phototrophic bacteria</subfield>
   </datafield>
   <datafield tag="653" ind2=" " ind1=" ">
      <subfield code="a">Mechanistic modelling</subfield>
   </datafield>
   <datafield tag="653" ind2=" " ind1=" ">
      <subfield code="a">Data-driven modelling</subfield>
   </datafield>
   <datafield tag="653" ind2=" " ind1=" ">
      <subfield code="a">Digital twins</subfield>
   </datafield>
   <datafield tag="653" ind2=" " ind1=" ">
      <subfield code="a">Wastewater treatment</subfield>
   </datafield>
   <datafield tag="653" ind2=" " ind1=" ">
      <subfield code="a">Circular economy</subfield>
   </datafield>
   <datafield ind2="0" ind1="0" tag="245">
      <subfield code="a">Modelling challenges to unlock the power of phototrophic systems for wastewater valorization</subfield>
   </datafield>
</record></metadata></record></GetRecord></OAI-PMH>